International marketing
Αποθηκεύτηκε σε:
| Κύριος συγγραφέας: | |
|---|---|
| Άλλοι συγγραφείς: | |
| Μορφή: | Βιβλίο |
| Γλώσσα: | English |
| Δημοσίευση: |
Fort Worth :
Dryden,
c2000
|
| Έκδοση: | 8th ed. |
| Θέματα: | |
| Ετικέτες: |
Προσθήκη ετικέτας
Δεν υπάρχουν, Καταχωρήστε ετικέτα πρώτοι!
|
MARC
| LEADER | 00000cam a2200000 i 4500 | ||
|---|---|---|---|
| 001 | 1/17984 | ||
| 008 | 010307s2000 eng d | ||
| 020 | |a 0-03-021112-3 (hbk.) | ||
| 035 | |l 10066331 | ||
| 040 | |a GR-MY-UA |b gre |e aacr | ||
| 041 | 0 | |a eng | |
| 082 | 0 | |a 658.848 | |
| 100 | 1 | |a Terpstra, Vern. | |
| 245 | 1 | 0 | |a International marketing / |c Vern Terpstra, Ravi Sarathy |
| 250 | |a 8th ed. | ||
| 260 | |a Fort Worth : |b Dryden, |c c2000 | ||
| 300 | |a xxv, 753 p. | ||
| 504 | |a Includes indexes | ||
| 650 | 0 | 0 | |a Export marketing |x Management. |
| 700 | 1 | |a Sarathy, Ravi. | |
| 852 | |a INST |b CHIOS |e 20010307 |h 658.848 TER |p 005200021592 |q 005200021592 |t BK |y 0 | ||
| 901 | |a BIBL2-2001-1 | ||
| 909 | |a Χ |b 083342 | ||
| 970 | |a ΣΑΛΑΜΟΥΡΑ |b ΜΑΡΙΑ |z 2001/03/07 | ||